000 01565cac a2200241 a 4500
003 Co-PeBPM
005 20241121161842.0
008 231129e1999||||xx ad|||||||||||| ||spa||
020 _a848322108X
040 0 _aCo-PeBPM
_bspa
_cCo-PeBPM
_erda
041 0 _aspa
082 0 4 _a004.6 H622r
100 1 _aHeywood, Drew
_eautor
245 1 0 _aRedes con Microsoft TCP/IP
_c/ Drew Heywood
250 _aTercera edición
260 _aMadrid, España
_b: Prentice Hall
_c, 1999
300 _axx, 806 páginas
_b: ilustraciones, gráficas
_c; 24 centímetros
505 _aParte I: Conceptos sobre TCP/IP. 1. Introducción a TCP/IP. 2. Arquitectura TCP/IP. 3. La capa de acceso a la red. 4. La capa de interred. 5. La capa de host a host. 6. La capa de proceso/aplicación. -- Parte II: Implementando Microsoft TCP/IP. 7. Introducción a Microsoft TCP/IP. 8. Instalación de TCP/IP en computadoras Windows NT. 9. Fundamentos de encaminamiento. 10. Administración de DHCP. 11. Nombres de host en el entorno Microsoft TCP/IP. 12.Administración de Wins. 13. Administración del servidor DNS de Microsoft. 14. Instalación de TCP/IP en clientes Microsoft. 15. Administración de TCP/IP con SNMP. 16. Resolución de problemas. 17. Conexión segura a Internet. 18. encadenamiento y Servidor de Acceso Remoto. 19. Correo electrónico y Microsoft Exchange Server. 20. Internet Information Server. 21. Microsoft proxy Server.
650 1 4 _2LEMB
_aTCP/IP
650 1 4 _2LEMB
_aREDES
650 1 4 _2LEMB
_aTELECOMUNICACIONES
942 _2ddc
_cBK
999 _c23806
_d23806